Statistics for Σε ποια ήπειρο βρίσκονται οι χώρες;

Click here to take the quiz!

General Stats

  • This quiz has been taken 839 times
  • The average score is 68 of 80

Answer Stats

QuestionTileSelect% Correct
που βρίσκονται στην ΑσίαΒραζιλίαNo
100%
που βρίσκονται στην ΑσίαΙταλίαNo
100%
που βρίσκονται στην ΑσίαΚαναδάςNo
99%
που βρίσκονται στην ΑσίαΚίναYes
96%
που βρίσκονται στην ΑφρικήΜεξικόNo
95%
που βρίσκονται στην ΕυρώπηΤυνησίαNo
95%
που βρίσκονται στην ΑφρικήΗνωμένο ΒασίλειοNo
95%
που βρίσκονται στην ΑσίαΚένυαNo
94%
που βρίσκονται στην ΕυρώπηΒολιβίαNo
94%
που βρίσκονται στην ΕυρώπηΠαναμάςNo
94%
που βρίσκονται στην ΑσίαΠακιστάνYes
93%
που βρίσκονται στην ΕυρώπηΑυστραλίαNo
93%
που βρίσκονται στη Βόρεια ΑμερικήΠορτογαλίαNo
93%
που βρίσκονται στην ΑσίαΙράνYes
93%
που βρίσκονται στη Νότια ΑμερικήΡωσίαNo
93%
που βρίσκονται στη Νότια ΑμερικήΕσθονίαNo
92%
που βρίσκονται στην ΑφρικήΝότια ΚορέαNo
92%
που βρίσκονται στην ΕυρώπηΛίβανοςNo
92%
που βρίσκονται στην ΕυρώπηΓαλλίαYes
92%
που βρίσκονται στη Βόρεια ΑμερικήΑυστραλίαNo
92%
που βρίσκονται στη Νότια ΑμερικήΛιθουανίαNo
92%
που βρίσκονται στην ΕυρώπηΙσπανίαYes
92%
που βρίσκονται στην ΑσίαΒιετνάμYes
92%
που βρίσκονται στην ΑφρικήΑιθιοπίαYes
91%
που βρίσκονται στη Νότια ΑμερικήΟυγκάνταNo
91%
που βρίσκονται στην ΑσίαΤανζανίαNo
91%
που βρίσκονται στην ΕυρώπηΑυστρίαYes
91%
που βρίσκονται στην ΕυρώπηΙσραήλNo
91%
που βρίσκονται στην ΕυρώπηΕλβετίαYes
91%
που βρίσκονται στη Νότια ΑμερικήΤανζανίαNo
90%
που βρίσκονται στη Βόρεια ΑμερικήΒραζιλίαNo
90%
που βρίσκονται στην ΑφρικήΖάμπιαYes
90%
που βρίσκονται στην ΕυρώπηΜάλταYes
90%
που βρίσκονται στην ΑσίαΙαπωνίαYes
90%
που βρίσκονται στη Βόρεια ΑμερικήΙνδονησίαNo
90%
που βρίσκονται στην ΕυρώπηΟυγγαρίαYes
90%
που βρίσκονται στην ΑσίαΦίτζιNo
89%
που βρίσκονται στην ΕυρώπηΙρλανδίαYes
88%
που βρίσκονται στη Βόρεια ΑμερικήΚουβέιτNo
88%
που βρίσκονται στη Νότια ΑμερικήΚαναδάςNo
88%
που βρίσκονται στην ΑφρικήΑίγυπτοςYes
88%
που βρίσκονται στην ΑσίαΝεπάλYes
88%
που βρίσκονται στην ΕυρώπηΙσλανδίαYes
88%
που βρίσκονται στη Βόρεια ΑμερικήΣενεγάληNo
88%
που βρίσκονται στη Νότια ΑμερικήΧιλήYes
87%
που βρίσκονται στη Νότια ΑμερικήΠερούYes
87%
που βρίσκονται στη Νότια ΑμερικήΒραζιλίαYes
87%
που βρίσκονται στη Νότια ΑμερικήΒενεζουέλαYes
87%
που βρίσκονται στη Νότια ΑμερικήΚολομβίαYes
87%
που βρίσκονται στην ΕυρώπηΜονακόYes
86%
που βρίσκονται στην ΑφρικήΑνγκόλαYes
86%
που βρίσκονται στη Νότια ΑμερικήΠαραγουάηYes
86%
που βρίσκονται στην ΑφρικήΚαμερούνYes
86%
που βρίσκονται στη Βόρεια ΑμερικήΗνωμένες ΠολιτείεςYes
85%
που βρίσκονται στη Νότια ΑμερικήΟυρουγουάηYes
85%
που βρίσκονται στην ΑφρικήΚατάρNo
85%
που βρίσκονται στην ΑσίαΙσραήλYes
84%
που βρίσκονται στην ΑσίαΚατάρYes
84%
που βρίσκονται στην ΑφρικήΜοζαμβίκηYes
84%
που βρίσκονται στην ΑφρικήΣομαλίαYes
84%
που βρίσκονται στην ΕυρώπηΑνδόρραYes
83%
που βρίσκονται στην ΑφρικήΤυνησίαYes
83%
που βρίσκονται στην ΑφρικήΤανζανίαYes
81%
που βρίσκονται στη Νότια ΑμερικήΒολιβίαYes
79%
που βρίσκονται στη Νότια ΑμερικήΕκουαδόρYes
78%
που βρίσκονται στην ΑφρικήΣρι ΛάνκαNo
78%
που βρίσκονται στην ΑσίαΚουβέιτYes
77%
που βρίσκονται στην ΑφρικήΟμάνNo
76%
που βρίσκονται στην ΑσίαΥεμένηYes
74%
που βρίσκονται στη Βόρεια ΑμερικήΜεξικόYes
74%
που βρίσκονται στη Βόρεια ΑμερικήΔομινικανή ΔημοκρατίαYes
73%
που βρίσκονται στην ΑφρικήΜαλάουιYes
71%
που βρίσκονται στη Βόρεια ΑμερικήΚούβαYes
71%
που βρίσκονται στη Βόρεια ΑμερικήΜπαχάμεςYes
70%
που βρίσκονται στη Βόρεια ΑμερικήΤζαμάικαYes
65%
που βρίσκονται στη Βόρεια ΑμερικήΕλ ΣαλβαδόρYes
64%
που βρίσκονται στη Βόρεια ΑμερικήΑϊτήYes
64%
που βρίσκονται στη Βόρεια ΑμερικήΝικαράγουαYes
56%
που βρίσκονται στη Νότια ΑμερικήΣουρινάμYes
55%
που βρίσκονται στη Βόρεια ΑμερικήΓρενάδαYes
55%

Score Distribution

Percentile by Number Answered

Percent of People with Each Score

Your Score History

You have not taken this quiz